Govt. of
Madhya Pradesh

General Education and Indian University (Record no. 35013)

MARC details
000 -LEADER
fixed length control field 004330000a22001690004500
003 - CONTROL NUMBER IDENTIFIER
control field MACL
005 - DATE AND TIME OF LATEST TRANSACTION
control field 20151231131853.0
008 - FIXED-LENGTH DATA ELEMENTS--GENERAL INFORMATION
fixed length control field 151231b xxu||||| |||| 00| 0 eng d
040 ## - CATALOGING SOURCE
Original cataloging agency MACL
Transcribing agency MACL
041 ## - LANGUAGE CODE
Language code of text/sound track or separate title English
082 ## - DEWEY DECIMAL CLASSIFICATION NUMBER
Classification number 370/PAR
100 ## - MAIN ENTRY--PERSONAL NAME
Personal name Parikh, G D
9 (RLIN) 25628
245 ## - TITLE STATEMENT
Title General Education and Indian University
260 ## - PUBLICATION, DISTRIBUTION, ETC. (IMPRINT)
Name of publisher, distributor, etc. Asian Publishers
Date of publication, distribution, etc. 1959
Place of publication, distribution, etc. Bombay
650 ## - SUBJECT ADDED ENTRY--TOPICAL TERM
Topical term or geographic name as entry element Education
9 (RLIN) 25629
942 ## - ADDED ENTRY ELEMENTS (KOHA)
Koha item type Books
Call number prefix 370/Par
Source of classification or shelving scheme
Holdings
Withdrawn status Lost status Source of classification or shelving scheme Damaged status Not for loan Home library Current library Date acquired Total Checkouts Full call number Barcode Date last seen Uniform Resource Identifier Price effective from Koha item type
          MACL MACL 15/04/2015   370/PAR CLE009877 29/04/2015 35218 15/04/2015 Books